02706nam a2200385 i 4500001000700000003000700007005001700014007000300031008004100034017005200075035001300127040003900140080003000179080002900209245019400238264005000432300006900482336003500551337003000586338002400616500005100640504003800691520093700729651006101666651004701727700005301774700004201827700004901869700005101918852012701969903005302096942001802149999001902167952013402186195663SpMaBN20260216183922.0ta240702s2022 sp a | ||||o000 0 spa  aCC 134-2022bOficina Depósito Legal Cáceres aa7157126 aSpMaBNbspacSpMaBNerdadES-MaACL a903(460.251 Montehermoso) a94(460.251 Montehermoso)03aEl patrimonio etnográfico, arqueológico y religioso de Montehermoso /cJosé Antonio Ramos Rubio, Raul Gómez Ferreira, Juan Jesús Sánchez Alcón, Oscar de San Macario Sánchez. 1aCáceres :bDiputación de Cáceres,c2022 a371 páginas :bilustraciones (blanco y negro y color) ;c24 cm aTextoaImagen fija2rdacontent asin mediación2rdamedia avolumen2rdacarrier aPrecede al título: Ayuntamiento Montehermoso aBibliografía: páxinas 315-321 aEsta obra ha sido investigada y escrita por cuatro investigadores extremeños, José Antonio Ramos, Juan Jesús Sánchez, Raúl Gómez y Óscar de San Mario, que han realizado una importante labor de campo y archivística para dar a conocer el patrimonio etnográfico, artístico y arqueológico de una población que cuenta con un gran número de dólmenes y restos arqueológicos en la dehesa boyal. Y que además de conservar uno de los mejores patrimonios religiosos de la provincia de Cáceres, es famoso por sus talleres artesanales y sus coloridas gorras de mujer que caracterizan sus trajes regionales, cuyo principal y más popular conjunto lo forma la "gorra montehermoseña". El trabajo que presentan los cuatro autores es un compendio de historia, patrimonio cultural y etnográfico, un abanico patrimonial al que se le ha dado merecida fama entre los pueblos y ciudades monumentales de Extremadura. 7aMontehermoso (Cáceres)xRestos arqueológicos9237315 7aMontehermoso (Cáceres)xHistoria92373161 aRamos Rubio, José Antonio,d1963-eaut9174430 aGómez Ferreira, Raúl9236629eaut aSánchez Alcón, Juan Jesús9237317eaut aSan Macario Sánchez, Óscar de9235664eaut aES-MaACLbR.153473cDEPOJjN-8694hDonación: José Antonio Ramos Rubio 9203857xEncuadernación rústica con solapas aRamos Rubio, José Antonio,d1963-ednr9174430 n0cMONOGRAFIA c195663d195663 00102udc4070aATENEOMbATENEOMcDEPOJd2024-07-02eDONACIONl0oN-8694p101228712r2024-07-02 00:00:00w2024-07-02yMONOGRAFIA